Caricamento...

Chasing the sun/

Dettagli Bibliografici
Altri autori: Tadjo, Veronique
Natura: Printed Book
Lingua:English
Pubblicazione: London: A & C Black, c2008.
Soggetti:
LEADER 00559 a2200169 4500
008 150103s9999 000 0 eng
020 |a 0713682175 
082 |a 823.010896  
245 |a Chasing the sun/ 
260 |a London:  |b A & C Black,  |c c2008. 
300 |a 144 p. 
650 |a Short stories. 
653 |a Children's- African 
700 |a Tadjo, Veronique. 
942 |c BK 
999 |c 303622  |d 303622 
952 |0 0  |1 0  |2 ddc  |4 0  |6 823_010896000000000_TAD_CH  |7 0  |9 347242  |a DRA  |b DRA  |c ST1  |d 2011-03-19  |i 7599  |l 1  |o 823.010896 TAD/CH  |p DRA7599  |r 2014-11-28  |s 2014-11-24  |w 2011-03-19  |y BK